LEADER 00755nam0-22002891i-450- 001 990006520860403321 005 20001010 035 $a000652086 035 $aFED01000652086 035 $a(Aleph)000652086FED01 035 $a000652086 100 $a20001010d--------km-y0itay50------ba 101 0 $aita 105 $ay-------001yy 200 1 $aDISADATTAMENTO sociale$eteoria e ricerca 210 $aMilano$cAngeli$d1983. 215 $a193 p.$d22 cm 225 1 $aPianificazione e servizi sociali$v7 676 $a361.1 801 0$aIT$bUNINA$gRICA$2UNIMARC 901 $aBK 912 $a990006520860403321 952 $aCOLLEZ. 915 (7)$b22482$fFSPBC 959 $aFSPBC 996 $aDisadattamento sociale$9462825 997 $aUNINA DB $aGEN01 LEADER 01134nam 2200409 450 001 9910149204003321 005 20230808200339.0 010 $a1-63460-219-6 035 $a(CKB)3710000000932959 035 $a(MiAaPQ)EBC5245489 035 $a(EXLCZ)993710000000932959 100 $a20180312h20162016 uy 0 101 0 $aeng 135 $aurcnu|||||||| 181 $2rdacontent 182 $2rdamedia 183 $2rdacarrier 200 10$aCalifornia civil procedure /$fDavid Levine and Rochelle Shapell 205 $aThird edition. 210 1$aSt. Paul, Minnesota :$cWest Academic Publishing,$d2016. 210 4$dİ2016 215 $a1 online resource (353 pages) 225 0 $aQuick Review Series 300 $aIncludes index. 311 $a0-314-29022-2 606 $aCivil procedure$zCalifornia 615 0$aCivil procedure 676 $a347.79405 700 $aLevine$b David$0102013 702 $aShapell$b Rochelle 801 0$bMiAaPQ 801 1$bMiAaPQ 801 2$bMiAaPQ 906 $aBOOK 912 $a9910149204003321 996 $aCalifornia civil procedure$93407660 997 $aUNINA